[Event "Heart of Finland op 06th"]
[Site "Jyvaskyla"]
[Date "1996.??.??"]
[Round "3"]
[White "Kiltti, Jyrki"]
[Black "Shevelev, Sergei"]
[Result "0-1"]
[WhiteElo "2235"]
[BlackElo "2430"]
[PlyCount "100"]
[EventDate "1996.07.??"]
[EventType "swiss"]
[EventRounds "9"]
[EventCountry "FIN"]
[SourceTitle "EXT 1998"]
[Source "ChessBase"]
[SourceDate "1997.11.17"]
[SourceVersion "1"]
[SourceVersionDate "1997.11.17"]
[SourceQuality "1"]

1. e4 c5 2. c3 d5 3. exd5 Qxd5 4. d4 Nc6 5. Be3 cxd4 6. cxd4 Nf6 7. Nc3 Qa5 8. Bc4 Qb4 9. Bb3 Bg4 10. f3 Bf5 11. Nge2 e6 12. 0-0 Be7 13. Rc1 0-0 14. Qd2 Rfd8 15. Rfd1 Na5 16. Ng3 Nxb3 17. axb3 Bg6 18. Nce4 Qxb3 19. Nxf6+ Bxf6 20. Ne4 Bxe4 21. fxe4 h6 22. Rc3 Qb5 23. Qf2 Rd7 24. Rdc1 Rad8 25. Rc8 Rxc8 26. Rxc8+ Rd8 27. Rxd8+ Bxd8 28. Qc2 Qa5 29. Kf2 Qc7 30. Qa4 Kh7 31. g3 a6 32. Qb3 Qc6 33. d5 exd5 34. exd5 Qd7 35. Qd3+ Kg8 36. Bc5 Qc7 37. Ba3 Qe5 38. d6 b5 39. b3 f5 40. Kf3 Kf7 41. Bc1 Ke6 42. g4 fxg4+ 43. Kxg4 h5+ 44. Kf3 Qd5+ 45. Qxd5+ Kxd5 46. Bf4 g5 47. Bg3 h4 48. Be1 Kxd6 49. Kg4 Kd5 50. Bf2 a5 0-1

[Event "Heart of Finland op 06th"]
[Site "Jyvaskyla"]
[Date "1996.??.??"]
[Round "5"]
[White "Paasikangas Tella, Johanna"]
[Black "Shevelev, Sergei"]
[Result "0-1"]
[WhiteElo "2200"]
[BlackElo "2430"]
[PlyCount "86"]
[EventDate "1996.07.??"]
[EventType "swiss"]
[EventRounds "9"]
[EventCountry "FIN"]
[SourceTitle "EXT 1998"]
[Source "ChessBase"]
[SourceDate "1997.11.17"]
[SourceVersion "1"]
[SourceVersionDate "1997.11.17"]
[SourceQuality "1"]

1. d4 Nf6 2. Nf3 e6 3. Bg5 h6 4. Bh4 g5 5. Bg3 Ne4 6. c3 d6 7. Nbd2 Nxg3 8. hxg3 Bg7 9. e3 Nd7 10. Bd3 b6 11. Qe2 a6 12. 0-0-0 Bb7 13. Rh2 Qe7 14. Be4 d5 15. Bd3 f5 16. Rdh1 c5 17. Ne1 Nf6 18. Ndf3 Ng4 19. Rh3 b5 20. Nh2 Nf6 21. g4 c4 22. Bb1 Bc8 23. f4 Rf8 24. fxg5 hxg5 25. gxf5 exf5 26. g4 fxg4 27. Rg3 Bd7 28. Bg6+ Kd8 29. Nc2 Kc7 30. Re1 Rh8 31. e4 dxe4 32. Ne3 Qd6 33. Reg1 Rh6 34. Bf5 Nd5 35. Rxg4 Nf4 36. Rxf4 Qxf4 37. Nhg4 Rh3 38. Bxd7 Kxd7 39. Kb1 Rah8 40. Nxc4 Rh1 41. Nce5+ Bxe5 42. Nxe5+ Kc7 43. Re1 R8h2 0-1

[Event "Heart of Finland op 06th"]
[Site "Jyvaskyla"]
[Date "1996.??.??"]
[Round "6"]
[White "Shevelev, Sergei"]
[Black "Maidla, Vallo"]
[Result "1/2-1/2"]
[WhiteElo "2430"]
[BlackElo "2370"]
[PlyCount "72"]
[EventDate "1996.07.??"]
[EventType "swiss"]
[EventRounds "9"]
[EventCountry "FIN"]
[SourceTitle "EXT 1998"]
[Source "ChessBase"]
[SourceDate "1997.11.17"]
[SourceVersion "1"]
[SourceVersionDate "1997.11.17"]
[SourceQuality "1"]

1. e4 c5 2. Nf3 Nc6 3. d4 cxd4 4. Nxd4 e5 5. Nb5 d6 6. c4 Be7 7. b3 Nf6 8. Bd3 0-0 9. 0-0 Nd7 10. N1c3 a6 11. Na3 Bg5 12. Bb2 Nc5 13. Be2 f5 14. exf5 Bxf5 15. Nd5 Bh6 16. Nc2 Ne6 17. Bg4 Qh4 18. Nde3 Bxe3 19. Nxe3 Bxg4 20. Qxg4 Qxg4 21. Nxg4 b5 22. Ne3 Ned4 23. Rfd1 b4 24. Rd2 a5 25. Nd5 Rfb8 26. Nc7 Ra7 27. Nb5 Nxb5 28. cxb5 Rxb5 29. Rxd6 Rc5 30. Rc1 Rxc1+ 31. Bxc1 Nd4 32. Bb2 Rc7 33. h3 Rc2 34. Bxd4 exd4 35. Rxd4 Rxa2 36. Rd7 Ra3 1/2-1/2

[Event "Heart of Finland op 04th"]
[Site "Jyvaskyla"]
[Date "1994.??.??"]
[Round "?"]
[White "Bagirov, Vladimir"]
[Black "Shevelev, Sergei"]
[Result "1-0"]
[WhiteElo "2510"]
[BlackElo "2445"]
[PlyCount "51"]
[EventDate "1994.07.??"]
[EventType "swiss"]
[EventRounds "9"]
[EventCountry "FIN"]
[SourceTitle "EXT 1997"]
[Source "ChessBase"]
[SourceDate "1996.11.15"]
[SourceVersion "1"]
[SourceVersionDate "1996.11.15"]
[SourceQuality "1"]

1. b3 e5 2. Bb2 d6 3. g3 g6 4. Bg2 Bg7 5. c4 Nc6 6. Nc3 f5 7. d3 Nf6 8. Qd2 0-0 9. e3 Kh8 10. Nge2 Be6 11. Nd5 Qd7 12. f4 Rae8 13. 0-0 Bg8 14. Rae1 Nxd5 15. cxd5 Ne7 16. e4 c6 17. dxc6 Nxc6 18. d4 exf4 19. d5 Ne5 20. Nxf4 fxe4 21. Bxe4 Ng4 22. Bxg6 Rxe1 23. Rxe1 hxg6 24. Re7 Qxe7 25. Nxg6+ Kh7 26. Nxe7 1-0

[Event "Jyvaskyla op"]
[Site "Jyvaskyla"]
[Date "1994.??.??"]
[Round "5"]
[White "Shevelev, Sergei"]
[Black "Solozhenkin, Evgeniy"]
[Result "1/2-1/2"]
[WhiteElo "2430"]
[BlackElo "2525"]
[PlyCount "23"]
[EventDate "1994.??.??"]
[EventType "swiss"]
[EventRounds "5"]
[EventCountry "FIN"]
[SourceTitle "EXT 2000"]
[Source "ChessBase"]
[SourceDate "1999.11.16"]
[SourceVersion "1"]
[SourceVersionDate "1999.11.16"]
[SourceQuality "1"]

1. e4 e5 2. Nf3 Nc6 3. Nc3 Nf6 4. Bb5 Nd4 5. Nxd4 exd4 6. e5 dxc3 7. exf6 Qxf6 8. dxc3 Qe5+ 9. Qe2 Qxe2+ 10. Bxe2 d5 11. Bf4 c6 12. 0-0-0 1/2-1/2

[Event "Las Vegas National op"]
[Site "Las Vegas"]
[Date "1993.??.??"]
[Round "4"]
[White "Akopian, Vladimir Eduardovic"]
[Black "Shevelev, Sergei"]
[Result "0-1"]
[WhiteElo "2615"]
[BlackElo "2395"]
[PlyCount "58"]
[EventDate "1993.06.??"]
[EventType "swiss"]
[EventRounds "6"]
[EventCountry "USA"]
[SourceTitle "EXT 1997"]
[Source "ChessBase"]
[SourceDate "1996.11.15"]
[SourceVersion "1"]
[SourceVersionDate "1996.11.15"]
[SourceQuality "1"]

1. e4 c6 2. f4 d5 3. e5 Bf5 4. Nf3 e6 5. g3 h5 6. h3 Be4 7. Bg2 Ne7 8. d3 Bxf3 9. Qxf3 Nf5 10. 0-0 Qb6+ 11. Kh2 Bc5 12. c3 Be3 13. b3 Nd7 14. Na3 Bxc1 15. Rfxc1 g5 16. Qe2 gxf4 17. gxf4 0-0-0 18. Bf3 Rdg8 19. Rg1 Qc5 20. Rxg8+ Rxg8 21. Bxh5 Nh4 22. Bg4 Qxa3 23. c4 Qc5 24. cxd5 Qxd5 25. Qf2 Nf5 26. Qxa7 Qxd3 27. Rd1 Qc2+ 28. Kh1 Ng3+ 29. Kg1 Ne2+ 0-1

[Event "Paris-ch op"]
[Site "Paris"]
[Date "1993.??.??"]
[Round "6"]
[White "Nikcevic, Nebojsa"]
[Black "Shevelev, Sergei"]
[Result "1/2-1/2"]
[WhiteElo "2395"]
[BlackElo "2395"]
[PlyCount "82"]
[EventDate "1993.04.??"]
[EventType "swiss"]
[EventRounds "9"]
[EventCountry "FRA"]
[SourceTitle "TD"]
[Source "ChessBase"]
[SourceDate "1994.03.01"]
[SourceVersion "1"]
[SourceVersionDate "1994.03.01"]
[SourceQuality "1"]

1. Nf3 d5 2. c4 e6 3. g3 c5 4. Bg2 Nc6 5. 0-0 Nf6 6. d4 Be7 7. dxc5 Bxc5 8. a3 a5 9. cxd5 exd5 10. Bg5 0-0 11. Nc3 d4 12. Bxf6 Qxf6 13. Nd5 Qd8 14. Nf4 Re8 15. Rc1 Ba7 16. Re1 Bf5 17. Qb3 Be4 18. Nd3 Re7 19. Nd2 Bxg2 20. Kxg2 Qd6 21. Nf3 Rae8 22. Rc2 h6 23. Qc4 Re6 24. b4 axb4 25. axb4 R6e7 26. Ra1 Bb6 27. Raa2 Rd8 28. h4 Rc7 29. Qb3 Ne7 30. Rxc7 Bxc7 31. Rc2 Bb8 32. Rc5 Qf6 33. Qc2 Qe6 34. Rc4 Nf5 35. Nc5 Qd5 36. Nxb7 Nxh4+ 37. gxh4 Qxb7 38. Qd3 Ba7 39. Qf5 Re8 40. Kf1 Qe7 41. Qd3 h5 1/2-1/2

[Event "Barcelona"]
[Site "Barcelona"]
[Date "1993.??.??"]
[Round "9"]
[White "Pablo Marin, Alejandro"]
[Black "Shevelev, Sergei"]
[Result "0-1"]
[WhiteElo "2375"]
[BlackElo "2430"]
[PlyCount "126"]
[EventDate "1993.??.??"]
[EventType "tourn"]
[EventRounds "9"]
[EventCountry "ESP"]
[EventCategory "9"]
[SourceTitle "EXT 1997"]
[Source "ChessBase"]
[SourceDate "1996.11.15"]
[SourceVersion "1"]
[SourceVersionDate "1996.11.15"]
[SourceQuality "1"]

1. e4 c5 2. Nf3 Nc6 3. d4 cxd4 4. Nxd4 e5 5. Nb5 d6 6. c4 Be7 7. N1c3 a5 8. Na3 Be6 9. Bd3 Bg5 10. 0-0 Bxc1 11. Rxc1 Nge7 12. Nd5 Ng6 13. Qd2 0-0 14. Nc2 Rc8 15. Kh1 Qh4 16. g3 Qh3 17. f4 exf4 18. gxf4 Nh4 19. Nce3 f5 20. Qf2 fxe4 21. Bxe4 Nf5 22. Rc3 Nxe3 23. Rxe3 Qh6 24. Qg2 Kh8 25. Rg1 Nd4 26. f5 Bxf5 27. Bxf5 Nxf5 28. Rh3 Qe6 29. Nf4 Qd7 30. Ng6+ Kg8 31. Nxf8 Rxf8 32. Qd5+ Rf7 33. Rd3 Qe7 34. Rf3 Qf6 35. Re1 g6 36. Qd2 Re7 37. Rxe7 Qxe7 38. Rf4 Qc7 39. Qd5+ Kg7 40. Re4 b5 41. b4 bxc4 42. Rxc4 Qe7 43. Qe4 Qg5 44. Rc2 Qh5 45. Rc7+ Kf6 46. Qd3 Qh4 47. Qc3+ Kg5 48. Rc4 Qf2 49. Qc1+ Ne3 50. Rc2 Qxc2 51. Qxe3+ Kf5 52. Qh3+ Ke5 53. Qxh7 Qb1+ 54. Kg2 Qxa2+ 55. Kf3 Qb3+ 56. Kg2 Qd3 57. Qe7+ Kd5 58. Qb7+ Kd4 59. Qb6+ Kc3 60. h4 d5 61. Qxa5 Kb3 62. Qb6 d4 63. Qd6 Qc2+ 0-1

[Event "Paris-ch op"]
[Site "Paris"]
[Date "1993.??.??"]
[Round "4"]
[White "Schabanel, Stephane"]
[Black "Shevelev, Sergei"]
[Result "0-1"]
[WhiteElo "2230"]
[BlackElo "2395"]
[PlyCount "62"]
[EventDate "1993.04.??"]
[EventType "swiss"]
[EventRounds "9"]
[EventCountry "FRA"]
[SourceTitle "CBM 038"]
[Source "ChessBase"]
[SourceDate "1994.02.01"]
[SourceVersion "1"]
[SourceVersionDate "1994.02.01"]
[SourceQuality "1"]

1. e4 e5 2. Nf3 Nc6 3. Bb5 a6 4. Ba4 Nf6 5. 0-0 Be7 6. Bxc6 dxc6 7. Qe1 Nd7 8. b3 0-0 9. Bb2 Bd6 10. d3 Re8 11. Nbd2 Nf8 12. Nc4 Ng6 13. d4 exd4 14. Nxd4 Qg5 15. Nf3 Qh6 16. Nxd6 cxd6 17. Qb4 Bg4 18. Nd2 Nf4 19. f3 c5 20. Qxb7 Ne2+ 21. Kh1 Ng3+ 22. Kg1 Ne2+ 23. Kh1 Be6 24. Rad1 Ng3+ 25. Kg1 Qe3+ 26. Rf2 Nh1 27. Rdf1 Nxf2 28. Rxf2 c4 29. Nxc4 Bxc4 30. bxc4 Rab8 31. Qc6 Rf8 0-1

[Event "Cannes op2"]
[Site "Cannes"]
[Date "1993.??.??"]
[Round "?"]
[White "Shevelev, Sergei"]
[Black "Dextre, Eric"]
[Result "1-0"]
[WhiteElo "2395"]
[BlackElo "2205"]
[PlyCount "83"]
[EventDate "1993.??.??"]
[EventType "swiss"]
[EventRounds "9"]
[EventCountry "FRA"]
[SourceTitle "EXT 2000"]
[Source "ChessBase"]
[SourceDate "1999.11.16"]
[SourceVersion "1"]
[SourceVersionDate "1999.11.16"]
[SourceQuality "1"]

1. d4 Nf6 2. c4 e6 3. Nf3 Bb4+ 4. Bd2 Qe7 5. g3 0-0 6. Bg2 Nc6 7. 0-0 Bxd2 8. Nbxd2 d6 9. Re1 e5 10. d5 Nb8 11. e4 a5 12. b3 Na6 13. a3 Bd7 14. Rb1 c5 15. Rf1 g6 16. Ne1 Ng4 17. h3 Nh6 18. Nd3 f6 19. f4 Kh8 20. Qe2 g5 21. f5 Rg8 22. Bf3 Rg7 23. Rb2 Qd8 24. Rfb1 Bc8 25. Nf1 Ng8 26. Ne3 Qc7 27. Kf2 Bd7 28. h4 b5 29. hxg5 Rxg5 30. cxb5 Bxb5 31. a4 Bxd3 32. Qxd3 Nb4 33. Qd2 Nh6 34. Rh1 Qg7 35. Rh3 Rg8 36. Nf1 Ng4+ 37. Kg1 c4 38. bxc4 Qa7+ 39. Kg2 Qd4 40. Qe2 R5g7 41. Rd2 Qc3 42. Rh4 1-0

[Event "Cannes op2"]
[Site "Cannes"]
[Date "1993.??.??"]
[Round "?"]
[White "Shevelev, Sergei"]
[Black "Gentilleau, Jean Philippe"]
[Result "1-0"]
[WhiteElo "2395"]
[BlackElo "2235"]
[PlyCount "83"]
[EventDate "1993.??.??"]
[EventType "swiss"]
[EventRounds "9"]
[EventCountry "FRA"]
[SourceTitle "EXT 2000"]
[Source "ChessBase"]
[SourceDate "1999.11.16"]
[SourceVersion "1"]
[SourceVersionDate "1999.11.16"]
[SourceQuality "1"]

1. d4 d5 2. c4 c6 3. Nf3 Nf6 4. e3 Bf5 5. Nc3 e6 6. Qb3 Qc7 7. Nh4 Be4 8. f3 Bg6 9. Nxg6 hxg6 10. f4 Nbd7 11. Be2 Bd6 12. Bd2 dxc4 13. Bxc4 b5 14. Be2 b4 15. Nb1 c5 16. dxc5 Bxc5 17. 0-0 Qb6 18. Bf3 Rb8 19. Re1 0-0 20. Kh1 e5 21. a3 e4 22. Bd1 a5 23. axb4 axb4 24. Qc4 Qc7 25. Bc1 Nb6 26. Qc2 Nbd5 27. Nd2 Qe7 28. Nc4 b3 29. Qe2 Nb4 30. Ne5 Nd7 31. Nxd7 Qxd7 32. Bxb3 Nd3 33. Ba4 Qa7 34. Rf1 Rb4 35. b3 Nxc1 36. Raxc1 Bxe3 37. Rcd1 Bc5 38. f5 gxf5 39. Rxf5 g6 40. Rf4 Qe7 41. Re1 Rd8 42. g3 1-0

[Event "Sitges op"]
[Site "Sitges"]
[Date "1993.??.??"]
[Round "3"]
[White "Shevelev, Sergei"]
[Black "Martinez Gonzalez, Federico"]
[Result "0-1"]
[WhiteElo "2430"]
[BlackElo "2295"]
[PlyCount "84"]
[EventDate "1993.07.??"]
[EventType "swiss"]
[EventRounds "9"]
[EventCountry "ESP"]
[SourceTitle "EXT 1997"]
[Source "ChessBase"]
[SourceDate "1996.11.15"]
[SourceVersion "1"]
[SourceVersionDate "1996.11.15"]
[SourceQuality "1"]

1. d4 d5 2. c4 e6 3. Nc3 Nf6 4. Bg5 Bb4 5. e3 Nbd7 6. Nf3 c5 7. cxd5 exd5 8. Bd3 c4 9. Bf5 Qa5 10. Qc2 0-0 11. 0-0 Re8 12. Bh4 g6 13. Bh3 Ne4 14. Nxe4 Rxe4 15. Bg3 Re8 16. a3 Bf8 17. Nd2 Nf6 18. Bxc8 Raxc8 19. Rfe1 b5 20. Nf1 Qb6 21. f3 a5 22. Bf2 Qc6 23. g4 b4 24. axb4 axb4 25. g5 Nh5 26. Ra5 b3 27. Qc1 Bb4 28. Ra1 Bxe1 29. Bxe1 Ra8 30. Rb1 Qe6 31. Kg2 Qf5 32. h4 Ra2 33. Bc3 f6 34. gxf6 Qxf6 35. Qe1 Nf4+ 36. Kh1 Qf5 37. Kg1 Ne2+ 38. Qxe2 Qxb1 39. e4 Ra1 40. Kf2 Qxf1+ 41. Qxf1 Rxf1+ 42. Kxf1 dxe4 0-1

[Event "Barcelona"]
[Site "Barcelona"]
[Date "1993.??.??"]
[Round "8"]
[White "Shevelev, Sergei"]
[Black "Mellado Trivino, Juan"]
[Result "1/2-1/2"]
[WhiteElo "2430"]
[BlackElo "2415"]
[PlyCount "108"]
[EventDate "1993.??.??"]
[EventType "tourn"]
[EventRounds "9"]
[EventCountry "ESP"]
[EventCategory "9"]
[SourceTitle "EXT 1997"]
[Source "ChessBase"]
[SourceDate "1996.11.15"]
[SourceVersion "1"]
[SourceVersionDate "1996.11.15"]
[SourceQuality "1"]

1. d4 f5 2. c4 Nf6 3. Nc3 g6 4. f3 Bg7 5. e4 fxe4 6. fxe4 d6 7. Nf3 c5 8. d5 0-0 9. Be2 Nbd7 10. 0-0 h6 11. Qe1 g5 12. h3 a6 13. a4 Nh7 14. Bd2 Ne5 15. Nh2 Bd7 16. Qg3 Rxf1+ 17. Nxf1 Qe8 18. Ne3 Nf6 19. Nf5 Bxf5 20. exf5 Qd7 21. Rf1 Rf8 22. Kh1 Qc7 23. Qe3 Qb6 24. Nd1 Qd8 25. Bc3 Ne8 26. Qg3 Qd7 27. Ne3 Qxa4 28. h4 gxh4 29. Qxh4 Nf6 30. Bd1 Qd7 31. Bc2 b5 32. b3 b4 33. Bd2 a5 34. Nd1 Qe8 35. Bxh6 Bxh6 36. Qxh6 Rf7 37. Kg1 Rh7 38. Qg5+ Rg7 39. Qf4 a4 40. bxa4 Rg4 41. Qh6 Nxc4 42. Nf2 Rg7 43. Ne4 Qf7 44. a5 Nxe4 45. Bxe4 Qf6 46. Qh5 Kf8 47. Qe2 Nxa5 48. Bf3 Qd4+ 49. Rf2 Nc4 50. Qe6 Rf7 51. Bh5 Rf6 52. Qc8+ Kg7 53. Qe8 Qe3 54. g4 Qg3+ 1/2-1/2

[Event "Manresa op"]
[Site "Manresa"]
[Date "1993.??.??"]
[Round "6"]
[White "Shevelev, Sergei"]
[Black "Spassov, Liuben"]
[Result "0-1"]
[WhiteElo "2395"]
[BlackElo "2430"]
[PlyCount "102"]
[EventDate "1993.??.??"]
[EventType "swiss"]
[EventRounds "9"]
[EventCountry "ESP"]
[SourceTitle "EXT 1997"]
[Source "ChessBase"]
[SourceDate "1996.11.15"]
[SourceVersion "1"]
[SourceVersionDate "1996.11.15"]
[SourceQuality "1"]

1. d4 d5 2. c4 c6 3. Nc3 Nf6 4. e3 e6 5. Nf3 Nbd7 6. Qc2 Bd6 7. Be2 0-0 8. 0-0 dxc4 9. Bxc4 Qe7 10. e4 e5 11. h3 exd4 12. Nxd4 Ne5 13. Be2 Rd8 14. Nb3 Bc7 15. Be3 Ng6 16. f4 Bb6 17. Bxb6 axb6 18. e5 Nd5 19. Nxd5 Rxd5 20. Bd3 Ra4 21. e6 fxe6 22. Bxg6 hxg6 23. Qxg6 Bd7 24. Qg3 c5 25. Rf2 Qd6 26. Qe3 Rd3 27. Qc1 Re4 28. Qc2 Ba4 29. Raf1 c4 30. Rd2 Rxd2 31. Qxd2 Qd5 32. Qxd5 exd5 33. Nd2 Rd4 34. Rf2 Bd7 35. Kf1 b5 36. a3 Rd3 37. Ke2 Rg3 38. Nf3 Bf5 39. Nd4 Bd3+ 40. Ke1 Be4 41. Nxb5 Bxg2 42. Nd6 Bxh3 43. Nxb7 d4 44. Nd6 c3 45. bxc3 dxc3 46. Rc2 Bd7 47. Kf2 Rh3 48. Rc1 Ba4 49. Ne4 c2 50. Nc5 Bc6 51. Ne6 Rh1 0-1

[Event "Syre Memorial op 16th"]
[Site "Issy les Moulineaux"]
[Date "1993.??.??"]
[Round "3"]
[White "Shevelev, Sergei"]
[Black "Tardif, Olivier"]
[Result "1-0"]
[WhiteElo "2395"]
[BlackElo "1840"]
[PlyCount "54"]
[EventDate "1993.05.??"]
[EventType "swiss"]
[EventRounds "6"]
[EventCountry "FRA"]
[SourceTitle "EXT 2004"]
[Source "ChessBase"]
[SourceDate "2003.11.25"]
[SourceVersion "1"]
[SourceVersionDate "2003.11.25"]
[SourceQuality "1"]

1. d4 Nf6 2. c4 g6 3. Nc3 d5 4. cxd5 Nxd5 5. e4 Nxc3 6. bxc3 Bg7 7. Be3 0-0 8. Bc4 c5 9. Ne2 Nd7 10. 0-0 Kh8 11. Qd2 Qc7 12. Rac1 e5 13. Bh6 Nf6 14. f3 Ng8 15. Bxg7+ Kxg7 16. f4 exd4 17. cxd4 Qe7 18. Ng3 f5 19. Bxg8 Kxg8 20. Rxc5 fxe4 21. Re5 Qa3 22. Rxe4 b6 23. f5 Bb7 24. Rg4 Rae8 25. fxg6 Ba6 26. gxh7+ Kh8 27. Rxf8+ Rxf8 1-0

[Event "Barcelona"]
[Site "Barcelona"]
[Date "1993.??.??"]
[Round "3"]
[White "Shevelev, Sergei"]
[Black "Vehi Bach, Victor Manuel"]
[Result "1-0"]
[WhiteElo "2430"]
[BlackElo "2380"]
[PlyCount "61"]
[EventDate "1993.??.??"]
[EventType "tourn"]
[EventRounds "9"]
[EventCountry "ESP"]
[EventCategory "9"]
[SourceTitle "EXT 1997"]
[Source "ChessBase"]
[SourceDate "1996.11.15"]
[SourceVersion "1"]
[SourceVersionDate "1996.11.15"]
[SourceQuality "1"]

1. d4 Nf6 2. c4 e6 3. Nf3 b6 4. a3 Ba6 5. Qc2 Bb7 6. Nc3 c5 7. e4 cxd4 8. Nxd4 Nc6 9. Nxc6 Bxc6 10. Bf4 Nh5 11. Be3 Qb8 12. 0-0-0 Bd6 13. g3 Be5 14. Bd3 f5 15. Bd2 Nf6 16. f3 0-0 17. Kb1 Bxc3 18. Bxc3 fxe4 19. fxe4 e5 20. Qe2 d6 21. Bc2 Qb7 22. Rhe1 Rad8 23. Bb4 Qe7 24. Qd3 Ng4 25. Bxd6 Qe6 26. c5 Kh8 27. Qc3 Rfe8 28. Bc7 Rxd1+ 29. Rxd1 Nf2 30. Rd6 Nxe4 31. Qd3 1-0

[Event "Barcelona"]
[Site "Barcelona"]
[Date "1993.??.??"]
[Round "2"]
[White "Solozhenkin, Evgeniy"]
[Black "Shevelev, Sergei"]
[Result "1/2-1/2"]
[WhiteElo "2515"]
[BlackElo "2430"]
[PlyCount "55"]
[EventDate "1993.??.??"]
[EventType "tourn"]
[EventRounds "9"]
[EventCountry "ESP"]
[EventCategory "9"]
[SourceTitle "EXT 1997"]
[Source "ChessBase"]
[SourceDate "1996.11.15"]
[SourceVersion "1"]
[SourceVersionDate "1996.11.15"]
[SourceQuality "1"]

1. d4 d5 2. c4 e6 3. Nf3 c5 4. cxd5 exd5 5. g3 Nc6 6. Bg2 Nf6 7. 0-0 Be7 8. Nc3 0-0 9. dxc5 Bxc5 10. b3 a6 11. e3 Be6 12. Bb2 Qe7 13. Ne2 Rfd8 14. Ned4 Rac8 15. Rc1 Nxd4 16. Bxd4 Ba3 17. Rxc8 Rxc8 18. Ng5 Bf5 19. Bh3 Bc2 20. Qf3 Rc6 21. Bf5 h6 22. Bxc2 Rxc2 23. Qf5 Rxa2 24. Qb1 Rd2 25. Bc3 Rxf2 26. Rxf2 hxg5 27. Bxf6 gxf6 28. Qf5 1/2-1/2

[Event "Hospitalet op"]
[Site "Sitges"]
[Date "1993.??.??"]
[Round "9"]
[White "Spassov, Liuben"]
[Black "Shevelev, Sergei"]
[Result "1-0"]
[WhiteElo "2435"]
[BlackElo "2430"]
[PlyCount "65"]
[EventDate "1993.07.??"]
[EventType "swiss"]
[EventRounds "9"]
[EventCountry "ESP"]
[SourceTitle "EXT 1998"]
[Source "ChessBase"]
[SourceDate "1997.11.17"]
[SourceVersion "1"]
[SourceVersionDate "1997.11.17"]
[SourceQuality "1"]

1. Nf3 g6 2. d4 Bg7 3. c4 c5 4. e4 d6 5. Nc3 cxd4 6. Nxd4 Nh6 7. Be2 0-0 8. 0-0 Nc6 9. Be3 f5 10. exf5 gxf5 11. f4 Ng4 12. Bxg4 fxg4 13. Qd2 Nxd4 14. Bxd4 e5 15. Be3 Be6 16. Nd5 Qd7 17. Rad1 Kh8 18. fxe5 Rxf1+ 19. Rxf1 dxe5 20. Rd1 Qc6 21. b3 Rd8 22. Qa5 Bf6 23. Bxa7 Bg5 24. Bb6 Rd7 25. a4 Rf7 26. Bf2 Rf5 27. Qe1 Kg7 28. Be3 Bxd5 29. Rxd5 Bf6 30. Qd1 h5 31. Rd7+ Kg6 32. Qd5 Qc8 33. Qf7# 1-0

[Event "Bethune op"]
[Site "Bethune"]
[Date "1992.??.??"]
[Round "?"]
[White "Belkhodja, Slim"]
[Black "Shevelev, Sergei"]
[Result "1/2-1/2"]
[WhiteElo "2395"]
[BlackElo "2385"]
[PlyCount "111"]
[EventDate "1992.??.??"]
[EventType "swiss"]
[EventRounds "7"]
[EventCountry "FRA"]
[SourceTitle "EXT 1998"]
[Source "ChessBase"]
[SourceDate "1997.11.17"]
[SourceVersion "1"]
[SourceVersionDate "1997.11.17"]
[SourceQuality "1"]

1. g3 d5 2. Bg2 c5 3. Nf3 Nc6 4. 0-0 Nf6 5. d3 e5 6. Nbd2 Be7 7. e4 d4 8. Nc4 Qc7 9. a4 Be6 10. Ne1 Nd7 11. f4 f6 12. Bh3 Bxc4 13. dxc4 exf4 14. gxf4 0-0-0 15. Nd3 g5 16. Kh1 Kb8 17. Qh5 h6 18. Be6 Rdf8 19. Bd2 Nd8 20. Bd5 Nb6 21. c3 Qd7 22. cxd4 cxd4 23. Qf3 Nxa4 24. Qg3 Ka8 25. Nb4 Nb6 26. Ra2 Bd6 27. Rfa1 Nc8 28. Qd3 Kb8 29. Qxd4 Bxb4 30. Bxb4 Nc6 31. Qd2 Nxb4 32. Qxb4 gxf4 33. Qc5 Qc7 34. Qf2 Re8 35. Rxa7 Nxa7 36. Rxa7 Rh7 37. Rxb7+ Qxb7 38. Bxb7 Kxb7 39. Qxf4 Rhe7 40. Qxf6 Rxe4 41. Qxh6 Rxc4 42. Kg2 Ree4 43. Qh7+ Kb6 44. Kf3 Rh4 45. Qd7 Rb4 46. Kg3 Rhd4 47. Qe6+ Kb5 48. Qe2+ Kc5 49. h3 Kb6 50. Qe3 Kb5 51. b3 Kc6 52. Kf3 Rh4 53. Qe6+ Kc5 54. Qe5+ Kc6 55. Qe6+ Kb5 56. Ke2 1/2-1/2

[Event "Bethune op"]
[Site "Bethune"]
[Date "1992.??.??"]
[Round "?"]
[White "Bouhallel, Rabah"]
[Black "Shevelev, Sergei"]
[Result "0-1"]
[WhiteElo "2230"]
[BlackElo "2385"]
[PlyCount "88"]
[EventDate "1992.??.??"]
[EventType "swiss"]
[EventRounds "7"]
[EventCountry "FRA"]
[SourceTitle "EXT 1998"]
[Source "ChessBase"]
[SourceDate "1997.11.17"]
[SourceVersion "1"]
[SourceVersionDate "1997.11.17"]
[SourceQuality "1"]

1. d4 Nf6 2. Nf3 d5 3. c4 e6 4. Nc3 c6 5. e3 Nbd7 6. Bd3 Be7 7. 0-0 0-0 8. b3 b6 9. Bb2 Bb7 10. Qe2 c5 11. cxd5 exd5 12. Rfd1 Re8 13. Rac1 Bd6 14. Ba6 Bxa6 15. Qxa6 cxd4 16. Rxd4 Nc5 17. Qe2 a6 18. g3 Ne6 19. Rdd1 Be7 20. Qd3 Nc5 21. Qf5 g6 22. Qh3 Qd6 23. Ne2 Qe6 24. Ng5 Qxh3 25. Nxh3 Nce4 26. Rc6 Rac8 27. Rdc1 Rxc6 28. Rxc6 Nd7 29. Nhf4 Bc5 30. Nxd5 Rd8 31. Bd4 Bxd4 32. Nxd4 Ne5 33. Rc8 Rxc8 34. Ne7+ Kf8 35. Nxc8 b5 36. f3 Nc3 37. a4 bxa4 38. bxa4 Nxa4 39. f4 Nc4 40. e4 f6 41. Nc6 Ke8 42. N8a7 Nc3 43. e5 fxe5 44. fxe5 a5 0-1

[Event "Hyeres op"]
[Site "Hyeres"]
[Date "1992.??.??"]
[Round "?"]
[White "Brochet, Philippe"]
[Black "Shevelev, Sergei"]
[Result "0-1"]
[WhiteElo "2205"]
[BlackElo "2415"]
[PlyCount "83"]
[EventDate "1992.07.??"]
[EventType "swiss"]
[EventRounds "9"]
[EventCountry "FRA"]
[SourceTitle "TD"]
[Source "ChessBase"]
[SourceDate "1994.03.01"]
[SourceVersion "1"]
[SourceVersionDate "1994.03.01"]
[SourceQuality "1"]

1. e4 d5 2. exd5 Qxd5 3. Nc3 Qa5 4. Nf3 Nf6 5. Bc4 Nc6 6. d3 Bg4 7. h3 Qh5 8. Bb5 e6 9. Bxc6+ bxc6 10. 0-0 Bxf3 11. Qxf3 Qxf3 12. gxf3 Rb8 13. Na4 Nd5 14. Re1 Bd6 15. Re4 Kd7 16. c4 Nb4 17. c5 Be7 18. Bd2 Nd5 19. Rae1 Rhd8 20. b4 Ke8 21. Kf1 Nf6 22. R4e3 Nh5 23. Bc3 Nf4 24. Rd1 Nxh3 25. a3 Bf6 26. Bxf6 gxf6 27. Re4 Ng5 28. Rf4 Ke7 29. Ke2 e5 30. Rh4 Ne6 31. Rxh7 Nd4+ 32. Kd2 Nxf3+ 33. Kc3 Rd4 34. Nb2 a5 35. Nc4 axb4+ 36. axb4 Ng5 37. Rhh1 Rf4 38. Rd2 Rf3 39. Re1 Nh3 40. Re3 Ng5 41. Na5 Kd7 42. d4 0-1

[Event "Hyeres op"]
[Site "Hyeres"]
[Date "1992.??.??"]
[Round "?"]
[White "Morozevich, Alexander"]
[Black "Shevelev, Sergei"]
[Result "1/2-1/2"]
[WhiteElo "2385"]
[BlackElo "2415"]
[PlyCount "34"]
[EventDate "1992.07.??"]
[EventType "swiss"]
[EventRounds "9"]
[EventCountry "FRA"]
[SourceTitle "TD"]
[Source "ChessBase"]
[SourceDate "1994.03.01"]
[SourceVersion "1"]
[SourceVersionDate "1994.03.01"]
[SourceQuality "1"]

1. e4 e5 2. Nf3 Nc6 3. d4 exd4 4. Nxd4 Bc5 5. Be3 Qf6 6. c3 Nge7 7. Bc4 0-0 8. 0-0 a6 9. Nc2 Bxe3 10. Nxe3 d6 11. f4 Be6 12. Bd3 Qh6 13. c4 f5 14. exf5 Nxf5 15. Bxf5 Bxf5 16. Nc3 Ne7 17. Qd2 Be6 1/2-1/2